| 000 | 00722nam a2200217 4500 | ||
|---|---|---|---|
| 999 |
_c170539 _d170539 |
||
| 005 | 20191217144538.0 | ||
| 010 | _aENG-127170 | ||
| 020 |
_a9789353438753 _c879.00 |
||
| 035 | _aEN-110702 | ||
| 037 | _bDBAD/PUB | ||
| 082 | _a540 | ||
| 100 | _aTimberlake, Karen | ||
| 245 |
_aBasic chemistry / _cby Karen Timberlake [and] William Timberlake |
||
| 250 | _a5th ed. | ||
| 260 |
_aNoida _bPearson India Education _c2020 |
||
| 270 |
_a15th Floor, Tower-B, World Trade Tower, Plot No. 1 Block- C, Sector-16 _bNoida, Uttar Pradesh _e201301 _mcompanysecretary.india@pearson.com |
||
| 300 |
_a719p. _c25cm(pbk) |
||
| 500 | _aIncludes index | ||
| 700 | _aTimberlake, William | ||
| 942 |
_2ddc _cEN _h540 _mTIM |
||